Gul se Guldasta (Record no. 328964)

000 -LEADER
fixed length control field 00552 a2200145 4500
003 - CONTROL NUMBER IDENTIFIER
control field Nust
005 - DATE AND TIME OF LATEST TRANSACTION
control field 20170613111858.0
008 - FIXED-LENGTH DATA ELEMENTS--GENERAL INFORMATION
fixed length control field 170420b xxu||||| |||| 00| 0 eng d
040 ## - CATALOGING SOURCE
Transcribing agency Nust
082 ## - DEWEY DECIMAL CLASSIFICATION NUMBER
Classification number 809.935
Author Mark BHU
100 ## - MAIN ENTRY--PERSONAL NAME
Personal name Bhutta, Sakhi Muhammad
9 (RLIN) 2516
245 ## - TITLE STATEMENT
Title Gul se Guldasta
Remainder of title Sabaq Amooz Aap Beeti aur No Jawan Nasal ke liye Paigham Jaddo Jahad /
Statement of responsibility, etc. Pro. Dr. Engineer Sakhi Muhammad Bhutta
260 ## - PUBLICATION, DISTRIBUTION, ETC.
Place of publication, distribution, etc. Islamabad
Name of publisher, distributor, etc. PPA Publications
Date of publication, distribution, etc. 2012
300 ## - PHYSICAL DESCRIPTION
Extent 160 p.
880 ## - ALTERNATE GRAPHIC REPRESENTATION
Linkage 100-01\(3\r
Title سخی محمد بھٹہ
880 ## - ALTERNATE GRAPHIC REPRESENTATION
Linkage 245-02\(3\r
Title سبق آموز آپ بیتی گل سے گلدستہ نوجوان نسل کے لیے پیغام جدوجہد
c سخی محمد بھٹہ
880 ## - ALTERNATE GRAPHIC REPRESENTATION
Linkage 260-03\(3\r
Title اسلام آباد:
b پی پی اے پبلی کیشنز،
c 2012
942 ## - ADDED ENTRY ELEMENTS (KOHA)
Koha item type Book
Source of classification or shelving scheme
Holdings
Withdrawn status Lost status Source of classification or shelving scheme Damaged status Not for loan Permanent Location Current Location Shelving location Date acquired Total Checkouts Full call number Barcode Date last seen Copy number Price effective from Koha item type
          Central Library (CL) Central Library (CL) Book Cart 04/20/2017   926.2 BHU CL2587 04/20/2017 1 04/20/2017 Book
© 2023 Central Library, National University of Sciences and Technology. All Rights Reserved.